[Event "NOR-ch"]
[Site "Randaberg"]
[Date "1989.??.??"]
[Round "?"]
[White "Scholseth, Tor Kristian"]
[Black "Moen, Ole Christian"]
[Result "1-0"]
[WhiteElo "2285"]
[BlackElo "2295"]

1.d4 Nf6 2.c4 g6 3.Nc3 d5 4.cxd5 Nxd5 5.e4 Nxc3 6.bxc3 Bg7 7.Nf3 O-O 8.Be2 b6
9.O-O c5 10.Be3 Bb7 11.Qd3 cxd4 12.cxd4 Qd7 13.Rac1 e6 14.Rfd1 Nc6 15.Qb5 Rac8
16.d5 exd5 17.exd5 Ne5 18.Nxe5 Qxb5 19.Bxb5 Bxe5 20.Rxc8 Rxc8 21.d6 Rd8 22.d7 h6
23.Bxh6 a6 24.Bg5 f6 25.Be3 Bc7 26.Rc1  1-0

[Event "Reggio Emilia8990"]
[Site "Reggio Emilia"]
[Date "1989.??.??"]
[Round "6"]
[White "Georgiev, Kiril"]
[Black "Ivanchuk, Vassily"]
[Result "0-1"]
[WhiteElo "2590"]
[BlackElo "2635"]

1.d4 Nf6 2.c4 g6 3.Nc3 d5 4.cxd5 Nxd5 5.e4 Nxc3 6.bxc3 Bg7 7.Bc4 c5 8.Ne2 O-O
9.Be3 Nc6 10.O-O Bg4 11.f3 Na5 12.Bxf7+ Rxf7 13.fxg4 Rxf1+ 14.Kxf1 cxd4 15.cxd4 e5
16.d5 Nc4 17.Bf2 Qf6 18.Kg1 Rf8 19.Qe1 Bh6 20.Ng3 Qa6 21.Kh1 Qa4 22.Qe2 b6
23.h4 Bf4 24.Nf1 Nd6 25.Re1 Rc8 26.g3 Rc2 27.Qf3 Qxa2 28.Kg1 Bh6 29.g5 Bg7
30.Ne3 Rc7 31.Ng4 Rf7 32.Qe3 Qc2 33.h5 Nc4 34.Qc1 Qxc1 35.Rxc1 gxh5 36.Rxc4 hxg4
37.Rc8+ Bf8 38.Be1 Kg7 39.Bc3 Bd6 40.Rc6 Bc5+ 41.Kg2 Rf2+ 42.Kh1 Bd4 43.Bb4 Rf7
44.Re6 Rb7 45.Rc6 a5 46.d6 axb4 47.Rc7+ Kf8 48.Rxb7 b3 49.Rb8+ Kf7 50.d7 b2
51.Rf8+ Ke6 52.d8=N+ Ke7 53.Rf1 Kxd8 54.Rb1 Kc7 55.Kg2 Kc6 56.Kf1 Kc5 57.Ke2 Kc4
58.Kd2 Kb3 59.Rf1 b5 60.Kd3 Ka2 61.Kc2 b4 62.g6 hxg6 63.Rh1 b3+ 64.Kd3 b1=Q+
65.Rxb1 Kxb1 66.Kd2 b2 67.Kd3 Ka2 68.Kc4 b1=Q 69.Kd5 Qg1 70.Ke6 Qxg3 71.Kf6 Qf4+
72.Kg7 Qxe4  0-1

[Event "Reykjavik"]
[Site "Reykjavik"]
[Date "1989.??.??"]
[Round "?"]
[White "Tisdall, Jonathan D"]
[Black "Thorsteins, Karl"]
[Result "1/2-1/2"]
[WhiteElo "2460"]
[BlackElo "2430"]

1.d4 Nf6 2.c4 g6 3.Nc3 d5 4.cxd5 Nxd5 5.e4 Nxc3 6.bxc3 Bg7 7.Bc4 O-O 8.Ne2 c5
9.O-O Nc6 10.Be3 Bg4 11.f3 Na5 12.Bxf7+ Rxf7 13.fxg4 Rxf1+ 14.Kxf1 Qd6 15.e5 Qd5
16.Bf2 Rd8 17.Qa4 b6 18.Qc2 Rc8 19.dxc5 bxc5 20.Rd1 Qxe5 21.Qa4 Rf8 22.Rd3 c4
23.Rf3 Qd5 24.Rxf8+ Kxf8 25.Bxa7 Nc6 26.h3 Qe4 27.Qb5 Nxa7 28.Qb8+ Kf7 29.Qxa7 Qd3
30.Qf2+ Ke8 31.Qf3 Qb1+ 32.Kf2 Qxa2 33.Qc6+ Kf8 34.Qf3+ Ke8 35.Qc6+ Kf8 36.Qf3+ Ke8
37.Qc6+  1/2-1/2

[Event "Reykjavik"]
[Site "Reykjavik"]
[Date "1989.??.??"]
[Round "?"]
[White "Petursson, Margeir"]
[Black "Thorsteins, Karl"]
[Result "1-0"]
[WhiteElo "2530"]
[BlackElo "2430"]

1.d4 Nf6 2.c4 g6 3.Nc3 d5 4.cxd5 Nxd5 5.e4 Nxc3 6.bxc3 Bg7 7.Be3 c5 8.Qd2 Qa5
9.Nf3 Nc6 10.Rb1 a6 11.Rc1 f5 12.d5 fxe4 13.Ng5 Ne5 14.Nxe4 O-O 15.Be2 b6
16.O-O Bf5 17.Ng3 Bd7 18.Rfe1 Rae8 19.h4 Qa4 20.c4 e6 21.d6 Nc6 22.h5 Nd4
23.hxg6 hxg6 24.Bh6 Rf7 25.Qg5 Qxa2 26.Qxg6 Bc6 27.Kh2 Qb2 28.Bd3 Kf8 29.Qh7 Nf3+
30.gxf3 Bxh6 31.Qxh6+ Kg8 32.Ne2  1-0

[Event "Reykjavik"]
[Site "Reykjavik"]
[Date "1989.??.??"]
[Round "?"]
[White "Thorsteins, Karl"]
[Black "Sigfusson, Sigurdur"]
[Result "1/2-1/2"]
[WhiteElo "2430"]
[BlackElo "2310"]

1.c4 Nf6 2.d4 g6 3.Nc3 d5 4.cxd5 Nxd5 5.e4 Nxc3 6.bxc3 Bg7 7.Qa4+ Nd7 8.Nf3 O-O
9.Bg5 Nf6 10.Bd3 c5 11.O-O Qc7 12.Rfe1 b6 13.e5 Ne8 14.Be4 Rb8 15.Qc6 Rb7
16.dxc5 bxc5 17.Rab1 Qxc6 18.Bxc6 Rc7 19.Bd5 Bf5 20.Rb8 h6 21.Be3 Bg4 22.c4 e6
23.Be4 g5 24.Rd1 f5 25.exf6 Nxf6 26.Rb7 Rxb7 27.Bxb7 Rb8 28.Bc6 Bf8 29.h3 Bxf3
30.Bxf3 Be7 31.Bc6 Rb2 32.a4 Kf7 33.g3 Rb6 34.Bb5 Rb7 35.Kg2 Rc7 36.f4 g4
37.hxg4 Nxg4 38.Bg1 h5 39.Kf3 Nh6 40.Bf2 Nf5 41.Rh1 Ng7 42.Ke4 Bf6 43.a5 Bc3
44.a6 Bf6 45.Ba4 Bc3 46.Rb1 Bb4 47.Rh1 Bc3 48.Rb1 Bb4 49.Rd1 Ke7 50.Rh1 Kf7
51.Ke5 Ke7 52.Be1 Nf5 53.Bf2 Nd6 54.f5 Nxc4+ 55.Kf4 Bd2+ 56.Kf3 exf5 57.Rxh5 Kf6
58.Rh8 Ne5+ 59.Ke2 Ba5 60.Rb8 Bb6 61.Rf8+  1/2-1/2

[Event "Royan op"]
[Site "Royan"]
[Date "1989.??.??"]
[Round "5"]
[White "Dieu, Bruno"]
[Black "Chabanon, Jean Luc"]
[Result "1-0"]
[WhiteElo "2220"]
[BlackElo "2250"]

1.d4 Nf6 2.c4 g6 3.Nc3 d5 4.cxd5 Nxd5 5.e4 Nxc3 6.bxc3 Bg7 7.Bc4 c5 8.Ne2 O-O
9.O-O Nc6 10.Be3 Qc7 11.Rc1 Rd8 12.Qd2 Qa5 13.Rfd1 b5 14.Bd5 Bb7 15.Bxc6 Bxc6
16.d5 e6 17.c4 b4 18.Bg5 Rd7 19.h4 Qa3 20.Qf4 Ba4 21.Rd2 exd5 22.cxd5 Re8
23.Bf6 Bb5 24.Bxg7 Kxg7 25.Rxc5 b3 26.Qe3 Bxe2 27.Rxe2 f6 28.f3 b2 29.Qxa3 b1=Q+
30.Rc1 Qb6+ 31.Qe3 Rxd5 32.Qxb6 axb6 33.Rc7+ Kh6 34.Rb7 Rd1+ 35.Kh2 f5 36.Rc2 fxe4
37.Rcc7 Rh8 38.fxe4 Ra1 39.Ra7 Kh5 40.Kg3 h6 41.Re7 Rc8 42.Re5+ g5 43.hxg5 Rc3+
44.Kh2 Kh4 45.Rf7 hxg5 46.Rh7+ Kg4 47.Rg7 Kf4 48.Rexg5 Kxe4 49.Rb5 Rxa2 50.Rg4+ Kd3
51.Rxb6 Rac2 52.Re6 Kd2 53.Rd4+ Kc1 54.Re1+ Kb2 55.Rb4+ Ka2 56.Re8 Ra3 57.Rbb8 Rac3
58.Re7 Ra3 59.Rf7 Ra6 60.Kg1 Rc1+ 61.Rf1 Rxf1+ 62.Kxf1 Rf6+ 63.Kg1 Rg6 64.Rb4 Ka3
65.Re4 Kb3 66.g4 Kc3 67.Kg2 Kd3 68.Kf3 Rg8 69.Re5 Kd4 70.Re7 Kd5 71.Kf4 Kd6
72.Re4 Rh8 73.Kf5 Kd5 74.Re5+ Kd6 75.Re6+ Kd7 76.g5 Rg8 77.g6 Rf8+ 78.Rf6 Ra8
79.g7 Ke7 80.Kg6 Ra1 81.Rf7+  1-0

[Event "Sagua la Grande"]
[Site "Sagua la Grande"]
[Date "1989.??.??"]
[Round "2"]
[White "Santa Torres, Juan"]
[Black "Vilela, Jose Luis"]
[Result "0-1"]
[WhiteElo "2215"]
[BlackElo "2405"]

1.d4 Nf6 2.c4 g6 3.Nc3 d5 4.cxd5 Nxd5 5.e4 Nxc3 6.bxc3 Bg7 7.Nf3 c5 8.Rb1 O-O
9.Be2 cxd4 10.cxd4 Qa5+ 11.Qd2 Qxd2+ 12.Bxd2 b6 13.O-O Ba6 14.Bxa6 Nxa6 15.Rfc1 Rfc8
16.Kf1 Kf8 17.Ke2 Ke8 18.Bf4 Kd7 19.Ne5+ Bxe5 20.Bxe5 Nc7 21.d5 Ne8 22.f3 e6
23.dxe6+ Kxe6 24.Bf4 Nd6 25.Rxc8 Rxc8 26.Rc1 Nc4 27.Rc3 b5 28.Rc2 f5 29.exf5+ Kxf5
30.Bc1 Rc6 31.g4+ Ke6 32.Kf2 Kd5 33.Bf4 Ra6 34.h4 Kd4 35.Re2 Kd3 36.Re7 Rxa2+
37.Kg3 b4 38.Rxh7 b3 39.Rb7 b2  0-1

[Event "Salamanca"]
[Site "Salamanca"]
[Date "1989.??.??"]
[Round "?"]
[White "Rivas Pastor, Manuel"]
[Black "Kudrin, Sergey"]
[Result "1/2-1/2"]
[WhiteElo "2505"]
[BlackElo "2550"]

1.d4 Nf6 2.c4 g6 3.Nc3 d5 4.cxd5 Nxd5 5.e4 Nxc3 6.bxc3 Bg7 7.Nf3 c5 8.Be3 Qa5
9.Qd2 Nc6 10.Rb1 a6 11.Rc1 cxd4 12.cxd4 Qxd2+ 13.Kxd2 f5 14.Bd3  1/2-1/2

[Event "San Bernardino op"]
[Site "San Bernardino"]
[Date "1989.??.??"]
[Round "6"]
[White "Vaisser, Anatoli"]
[Black "Mohr, Stefan"]
[Result "1-0"]
[WhiteElo "2525"]
[BlackElo "2530"]

1.d4 Nf6 2.c4 g6 3.Nc3 d5 4.cxd5 Nxd5 5.e4 Nxc3 6.bxc3 Bg7 7.Nf3 c5 8.Rb1 O-O
9.Be2 b6 10.h4 Bg4 11.Be3 Nc6 12.e5 cxd4 13.cxd4 Qd7 14.h5 Bxf3 15.Bxf3 Rad8
16.hxg6 hxg6 17.Rh4 e6 18.Qd2 Ne7 19.Be4 f5 20.exf6 Bxf6 21.Rg4 Kf7 22.Qd3 Nf5
23.Rd1 Rh8 24.Ke2 Rh4 25.Rxh4 Bxh4 26.Rh1 Bf6 27.Rh7+ Bg7 28.Bxf5 gxf5 29.Bh6 Rg8
30.Qe3 Qb5+ 31.Kf3 Qd5+ 32.Kg3 Kf8 33.Qa3+ Ke8 34.Rxg7 f4+ 35.Kh4 Rxg7 36.Bxg7 Qxg2
37.Qf8+ Kd7 38.Qf7+ Kc6 39.Qxe6+ Kb5 40.Qd7+ Ka5 41.Be5  1-0

[Event "San Bernardino op"]
[Site "San Bernardino"]
[Date "1989.??.??"]
[Round "8"]
[White "Vaisser, Anatoli"]
[Black "Sokolov, Ivan"]
[Result "0-1"]
[WhiteElo "2525"]
[BlackElo "2580"]

1.d4 Nf6 2.c4 g6 3.Nc3 d5 4.cxd5 Nxd5 5.e4 Nxc3 6.bxc3 Bg7 7.Nf3 c5 8.Rb1 O-O
9.Be2 b6 10.Be3 Bb7 11.e5 cxd4 12.cxd4 Be4 13.Rc1 Nc6 14.h4 Rc8 15.Ng5 Bxg2
16.Rh2 Bd5 17.h5 Nb4 18.hxg6 hxg6 19.a3 Na2 20.Ba6 Rxc1 21.Bxc1 Nxc1 22.Qg4 f6
23.Ne6 Qe8 24.Nf4 e6 25.Qh3 Kf7 26.Nxg6 Qa4 27.exf6 Bxf6 28.Qh7+ Ke8 29.Nxf8 Qa5+
30.Kd1 Kxf8 31.Qh6+ Ke7 32.Qxc1 Bb3+ 33.Ke2 Qxa6+ 34.Ke3 Kd6 35.Rh7 Bc4 36.Kf3 Bd5+
37.Ke3 Bxd4+ 38.Kxd4 Qa4+ 39.Kc3 Qc4+ 40.Kd2 Qd4+ 41.Ke1 Qe4+  0-1

[Event "San Mateo rapid"]
[Site "San Mateo"]
[Date "1989.??.??"]
[Round "?"]
[White "Silman, Jeremy D"]
[Black "Kudrin, Sergey"]
[Result "1/2-1/2"]
[WhiteElo "2410"]
[BlackElo "2550"]

1.d4 Nf6 2.c4 g6 3.Nc3 d5 4.cxd5 Nxd5 5.e4 Nxc3 6.bxc3 Bg7 7.Qa4+ Nd7 8.Nf3 c5
9.Be3 O-O 10.Rc1 a6 11.Be2 e5 12.O-O Re8 13.dxc5 Qc7 14.c6 bxc6 15.Nd2 Bf8
16.Nc4 a5 17.Rfd1 Nc5 18.Qc2 a4 19.Rb1 Ba6 20.f3 Bb5 21.Bf1 Rad8 22.Qf2 Qe7
23.Na5 Rxd1 24.Rxd1 Bxf1 25.Qxf1 Qc7 26.Nc4 Ne6 27.Qf2 f6 28.Qc2  1/2-1/2

[Event "Slupsk"]
[Site "Slupsk"]
[Date "1989.??.??"]
[Round "7"]
[White "Pisulinski, Jan"]
[Black "Kurlenda, Adam"]
[Result "1/2-1/2"]
[WhiteElo "2400"]
[BlackElo "2275"]

1.d4 Nf6 2.c4 g6 3.Nc3 d5 4.cxd5 Nxd5 5.e4 Nxc3 6.bxc3 Bg7 7.Bc4 O-O 8.Ne2 Nc6
9.O-O Na5 10.Bd3 c5 11.Bg5 cxd4 12.cxd4 Nc6 13.Bb5 Nxd4 14.Nxd4 Bxd4 15.Rc1 Be6
16.Bc4 Bxc4 17.Rxc4 Bf6 18.Bxf6 exf6 19.Qf3 Qb6 20.Rfc1 Rad8 21.Rc7 Rd2 22.e5 Rfd8
23.g3 f5 24.Rxb7 Rxf2 25.Rxb6 Rxf3 26.Rb7 Ra3 27.e6 fxe6 28.Rcc7  1/2-1/2

[Event "POL-ch"]
[Site "Slupsk"]
[Date "1989.??.??"]
[Round "15"]
[White "Cichocki, Adam"]
[Black "Schmidt, Wlodzimierz"]
[Result "0-1"]
[WhiteElo "2320"]
[BlackElo "2460"]

1.d4 Nf6 2.c4 g6 3.Nc3 d5 4.cxd5 Nxd5 5.e4 Nxc3 6.bxc3 Bg7 7.Bc4 c5 8.Ne2 O-O
9.Be3 Nc6 10.Rc1 Qc7 11.O-O Rd8 12.Bf4 Qd7 13.d5 Na5 14.Bd3 e5 15.Bg5 Re8
16.Be3 b6 17.Rb1 Qe7 18.Qd2 Nb7 19.Bg5 f6 20.Be3 Bd7 21.f4 exf4 22.Bxf4 Rf8
23.d6 Qf7 24.Ba6 Bc6 25.Qd3 Na5 26.Bg3 Rae8 27.e5 f5 28.Rbd1 Qd7 29.Bh4 Rxe5
30.Be7 Re8 31.Nf4 R5xe7 32.dxe7 Qxe7 33.Nd5 Qf7 34.Bb5 Bxb5 35.Qxb5 Re4 36.Qd3 Re8
37.Rfe1 Re5 38.Rxe5 Bxe5 39.Re1 Nc6 40.Ne3 Bf6 41.Nc4 Kf8 42.Qd6+ Kg7 43.Qd3 Kf8
44.Re2 Be7 45.Nd6 Qf6 46.Nc8 c4 47.Qd5 Bc5+ 48.Kf1 Qxc3 49.Qxc6 Qc1+ 50.Re1 Qf4+
51.Qf3 Qc7 52.Qc3 Qf4+ 53.Qf3 Qc7 54.Qc3 Qf4+ 55.Ke2 Bd4 56.Qa3+ Bc5 57.Qc3 Bd4
58.Qf3 Qc7 59.Qd5 Bc5 60.Qxc4 Qxc8 61.Kf1 Qc7 62.Qh4 Kg7 63.Rd1 h5 64.h3 Qh2
65.Qg5 Qg1+ 66.Ke2 Qf2+ 67.Kd3 Qxa2 68.Rd2 Qd5+ 69.Ke2 Qe4+ 70.Kd1 Qa4+ 71.Ke2 Qe8+
72.Kf1 Qb5+ 73.Re2 Qb1+ 74.Re1 Qd3+ 75.Re2 a5 76.Qf4 Qd1+ 77.Re1 Qd4 78.Qxd4+ Bxd4
79.Ke2 a4 80.Kd3 Bc5 81.Kc4 Kf6 82.Kd5 a3 83.h4 Bf2 84.Re6+ Kf7 85.Rc6 Bxh4
86.Rxb6 Bf6 87.Rb7+ Kg8 88.Ra7 Bb2 89.Kc4 h4 90.Kd5 g5 91.Ke6 g4 92.Kxf5 h3
93.Ra4 h2  0-1

[Event "BUL-ch"]
[Site "Sofia"]
[Date "1989.??.??"]
[Round "?"]
[White "Simeonov, Stefan"]
[Black "Donchev, Dimitar I"]
[Result "0-1"]
[WhiteElo "2335"]
[BlackElo "2505"]

1.d4 Nf6 2.c4 g6 3.Nc3 d5 4.cxd5 Nxd5 5.e4 Nxc3 6.bxc3 Bg7 7.Nf3 c5 8.Bb5+ Nd7
9.O-O O-O 10.Rb1 a6 11.Bd3 b5 12.a4 b4 13.cxb4 cxb4 14.Bg5 h6 15.Bd2 Bb7
16.Qe2 Nb6 17.a5  0-1

[Event "SWE-ch"]
[Site "?"]
[Date "1989.??.??"]
[Round "?"]
[White "Sandstrom, Ludvig"]
[Black "Winge, Stefan"]
[Result "1-0"]
[WhiteElo "2320"]
[BlackElo "2270"]

1.d4 Nf6 2.c4 g6 3.Nc3 d5 4.cxd5 Nxd5 5.e4 Nxc3 6.bxc3 Bg7 7.Nf3 c5 8.Rb1 O-O
9.Be2 b6 10.O-O Bb7 11.Qd3 cxd4 12.cxd4 Ba6 13.Qe3 Qd7 14.Bxa6 Nxa6 15.Qa3 Qb7
16.Bg5 e6 17.Rbd1 Rac8 18.Rd2 f6 19.Bf4 Rc4 20.Bd6 Rfc8 21.e5 Rc3 22.Qa4 Bh6
23.Rdd1 f5 24.Qb5 Rd8 25.d5 exd5 26.Nd4 Nc5 27.Nc6 Ra8 28.Ne7+ Kf7 29.Nxd5 Rc2
30.Nc7 Rc8 31.e6+ Nxe6 32.Qd7+ Kg8 33.Qxe6+  1-0

[Event "Szekszard op"]
[Site "Szekszard"]
[Date "1989.??.??"]
[Round "8"]
[White "Videki, Sandor"]
[Black "Gyorkos, Lajos"]
[Result "1-0"]
[WhiteElo "2410"]
[BlackElo "2360"]

1.d4 Nf6 2.c4 g6 3.Nc3 d5 4.cxd5 Nxd5 5.e4 Nxc3 6.bxc3 Bg7 7.Nf3 O-O 8.Rb1 c5
9.Be2 b6 10.h4 Bb7 11.Qd3 cxd4 12.cxd4 Qd7 13.h5 Ba6 14.Qe3 Bxe2 15.Kxe2 Qa4
16.Qb3 Qa6+ 17.Ke1 Nc6 18.hxg6 hxg6 19.Bh6 Bxh6 20.Rxh6 Kg7 21.Rh3 Rh8 22.d5 Rxh3
23.gxh3 Qa5+ 24.Kf1 Nd8 25.Rc1 Qa6+ 26.Qc4 Qxc4+ 27.Rxc4 Nb7 28.Rc7 Nd6 29.Ng5 Kf8
30.e5 Nf5 31.d6 exd6 32.Rxf7+ Kg8 33.exd6 Nxd6 34.Rf6 Nb5 35.Rxg6+ Kh8 36.Rc6 Nd4
37.Rc4 Nf5 38.Rc7 a6 39.Ne4 b5 40.Nf6 Ng7 41.Rf7 b4 42.h4 a5 43.h5  1-0

[Event "Szekszard op"]
[Site "Szekszard"]
[Date "1989.??.??"]
[Round "9"]
[White "Lovass, Imre"]
[Black "Karsa, Laszlo"]
[Result "0-1"]
[WhiteElo "2265"]
[BlackElo "2425"]

1.d4 Nf6 2.c4 g6 3.Nc3 d5 4.cxd5 Nxd5 5.e4 Nxc3 6.bxc3 Bg7 7.Be3 c5 8.Qd2 Qa5
9.Rc1 O-O 10.d5 f5 11.Bd3 fxe4 12.Bxe4 Bf5 13.Bxf5 Rxf5 14.c4 Qxd2+ 15.Kxd2 e6
16.dxe6 Nc6 17.Nf3 Re8 18.Ng5 Rd8+ 19.Ke2 Nd4+ 20.Ke1 Rd6 21.h4 Nxe6 22.Nxe6 Rxe6
23.Rb1 b6 24.Ke2 Rf4 25.Rbc1 Bd4 26.Kd3 Bxe3 27.fxe3 Rf2 28.g4 Rxa2 29.Ra1 Rd6+
30.Ke4 Rxa1 31.Rxa1 Rd7 32.Ke5 Re7+ 33.Kf6 Rxe3 34.Rxa7 Rf3+ 35.Ke6 Rf4 36.Ra8+ Kg7
37.g5 Re4+ 38.Kd6 Rd4+ 39.Ke5 Rxh4 40.Ra7+ Kf8 41.Rb7 Rxc4 42.Rxh7 b5 43.Kf6 Rf4+
44.Kxg6 b4 45.Rb7 Rf3 46.Rc7 Rc3 47.Kf6 Rf3+ 48.Ke6 Rg3 49.Kf5 Rf3+ 50.Ke4 Rg3
51.Kf4 Rc3 52.Ke5 b3 53.Kf6 Rf3+ 54.Ke6 b2 55.Rb7 Rf2 56.Kd5 Rc2 57.g6 c4
58.Ke6 c3 59.g7+ Kg8 60.Kf6 Rf2+ 61.Kg6 Rg2+ 62.Kf6 Rf2+ 63.Kg6 Rg2+ 64.Kh6 c2  0-1

[Event "Tallinn-B"]
[Site "Tallinn"]
[Date "1989.??.??"]
[Round "?"]
[White "Karner, Hillar"]
[Black "Rytshagov, Mikhail"]
[Result "1/2-1/2"]
[WhiteElo "2365"]
[BlackElo "2425"]

1.d4 Nf6 2.c4 g6 3.Nc3 d5 4.cxd5 Nxd5 5.e4 Nxc3 6.bxc3 Bg7 7.Qa4+ Nd7 8.Nf3 O-O
9.Be3 c5 10.Rc1 cxd4 11.cxd4 Nb6 12.Qb4 Qd6 13.Qxd6 exd6 14.Bd3 f5 15.O-O fxe4
16.Bxe4 d5 17.Bc2 Nc4 18.Bb3 b5 19.Rfe1 Bf5 20.Ne5 Rac8 21.h3 a5 22.a4 bxa4
23.Bxa4 Nxe5 24.dxe5 Bxe5 25.Bb3 Rxc1 26.Bxc1 Bc3  1/2-1/2

[Event "URS-ch U26"]
[Site "Tbilisi"]
[Date "1989.??.??"]
[Round "?"]
[White "Shirov, Alexei"]
[Black "Akopian, Vladimir"]
[Result "1-0"]
[WhiteElo "2450"]
[BlackElo "2520"]

1.d4 Nf6 2.c4 g6 3.Nc3 d5 4.cxd5 Nxd5 5.e4 Nxc3 6.bxc3 Bg7 7.Nf3 c5 8.Rb1 O-O
9.Be2 Qa5 10.O-O Qxa2 11.Bg5 Qe6 12.Qd3 b6 13.d5 Qd6 14.e5 Bxe5 15.Nxe5 Qxe5
16.Qd2 Qd6 17.Qe3 Re8 18.Bf3 Nd7 19.Bf4 Qf6 20.d6 Rb8 21.Rbd1 e5 22.Bg5 Qg7
23.Bh6 Qf6 24.Bc6 Re6 25.Bg5 Qg7 26.f4 h6 27.Be7 exf4 28.Qxf4 g5 29.Qa4 Ne5
30.Bd5 Bb7 31.Qxa7 Nd7 32.Bxb7  1-0

[Event "URS-ch U26"]
[Site "Tbilisi"]
[Date "1989.??.??"]
[Round "?"]
[White "Dautov, Rustem"]
[Black "Neverov, Valeriy"]
[Result "1/2-1/2"]
[WhiteElo "2535"]
[BlackElo "2430"]

1.d4 Nf6 2.c4 g6 3.Nc3 d5 4.cxd5 Nxd5 5.e4 Nxc3 6.bxc3 Bg7 7.Bc4 c5 8.Ne2 O-O
9.Be3 Nc6 10.Rc1 Bd7 11.O-O Rc8 12.d5 Na5 13.Bd3 e5 14.f4 exf4 15.Bxf4 Bg4
16.h3 Bxe2 17.Qxe2 c4 18.Bb1 Re8 19.Qf3 Qd7 20.Qg3 b6 21.Rfd1 Rc5 22.Rd2 Nb7
23.Rcd1 Qe7 24.Bc2 Be5 25.d6 Qd7 26.Rd5 f6 27.Bxe5 Rxe5 28.R5d4 Kg7 29.R1d2 Rc6
30.Qg4 Qxg4 31.hxg4 Kf7  1/2-1/2

[Event "Toronto"]
[Site "Toronto"]
[Date "1989.??.??"]
[Round "3"]
[White "Nickoloff, Bryon"]
[Black "Bailey, Doug"]
[Result "1-0"]
[WhiteElo "2420"]
[BlackElo "2355"]

1.d4 Nf6 2.c4 g6 3.Nc3 d5 4.cxd5 Nxd5 5.e4 Nxc3 6.bxc3 Bg7 7.Bc4 O-O 8.Ne2 c5
9.Be3 Nc6 10.O-O Qc7 11.Rc1 Rd8 12.Qd2 Qa5 13.Rfd1 Bg4 14.Qb2 b5 15.Qxb5 Qxb5
16.Bxb5 Bxe2 17.Bxe2 cxd4 18.cxd4 Nxd4 19.Kf1 Rd7 20.Rd2 Rad8 21.Rcd1 Kf8
22.Bc4 e6 23.f4 e5 24.Bd5 Ne6 25.Bxe6 Rxd2 26.Bxd2 fxe6 27.Bb4+ Ke8 28.Rxd8+ Kxd8
29.Bc3 Kd7 30.Ke2 Kc6 31.g4 Kc5 32.Kd3 a6 33.h3 Bf6 34.Ba1 Kb4 35.Bc3+ Ka3
36.Kc4 Kxa2 37.f5 exf5 38.exf5 gxf5 39.gxf5 a5 40.Bxa5 Kb2 41.Kd5 Kc2 42.Bc7 Kd3
43.Bxe5 Bg5 44.f6 Ke3 45.f7 Bh6 46.Ke6 Kf3 47.Bf6 Kg3 48.h4 Kg4 49.Ke7 Kf5
50.Bg5 Bg7  1-0

[Event "Toronto"]
[Site "Toronto"]
[Date "1989.??.??"]
[Round "7"]
[White "Dlugy, Maxim"]
[Black "Bailey, Doug"]
[Result "1-0"]
[WhiteElo "2570"]
[BlackElo "2355"]

1.d4 Nf6 2.c4 g6 3.Nc3 d5 4.cxd5 Nxd5 5.e4 Nxc3 6.bxc3 Bg7 7.Bc4 O-O 8.Ne2 c5
9.O-O Nc6 10.Be3 Qc7 11.Rc1 Rd8 12.Bf4 Qd7 13.d5 Na5 14.Bd3 b5 15.Be3 Bb7
16.Bxc5 e6 17.Bd4 exd5 18.e5 Nc4 19.f4 Qe7 20.Qe1 Re8 21.Qf2 Bc6 22.Ng3 b4
23.Bc5 Qh4 24.Bxb4 a5 25.Bc5 Rab8 26.Bd4 Rb2 27.Rc2 Reb8 28.Bxc4 Rxc2 29.Qxc2 dxc4
30.Qe2 Bd5 31.Ne4 h5 32.h3 a4 33.Nd6 Bh6 34.e6 Bxf4 35.e7 Bc6 36.e8=R+ Bxe8
37.Nxe8 Kh7 38.Qxc4 Rb7 39.Nf6+ Kh6 40.Nd5 Bb8 41.Be3+  1-0

[Event "Toronto"]
[Site "Toronto"]
[Date "1989.??.??"]
[Round "9"]
[White "Stone, Raymond"]
[Black "Bailey, Doug"]
[Result "1-0"]
[WhiteElo "2345"]
[BlackElo "2355"]

1.d4 Nf6 2.c4 g6 3.Nc3 d5 4.cxd5 Nxd5 5.e4 Nxc3 6.bxc3 Bg7 7.Be3 O-O 8.Nf3 c5
9.Rc1 Qa5 10.Qd2 Nd7 11.Bd3 e5 12.d5 f5 13.exf5 gxf5 14.Bh6 Qd8 15.Bxg7 Kxg7
16.c4 e4 17.Ng5 Ne5 18.Be2 Qf6 19.g3 b5 20.cxb5 c4 21.O-O Bd7 22.f3 h6 23.Nh3 exf3
24.Bxf3 Bxb5 25.Nf4 Kh7 26.Qc3 Rac8 27.Rfe1 Rfe8 28.Bh5 Qb6+ 29.Kh1 Nd3 30.Bxe8 Rxe8
31.Nxd3 cxd3 32.Rxe8 Bxe8 33.Qxd3 Bg6 34.Qe2 Qb7 35.Qe5 Bf7 36.Rc7 Qb1+ 37.Kg2 Kg6
38.Qd6+ Kh5 39.Rxf7 Qe4+ 40.Kf2 Qd4+ 41.Ke2 Qe4+ 42.Kd2 Qd4+ 43.Kc2 Qc4+
44.Kb2 Qd4+ 45.Kb3 Qd3+ 46.Kb4 Qb1+ 47.Kc5 Qc2+ 48.Kb5 a6+ 49.Kb6 Qb2+ 50.Ka7 Qd4+
51.Ka8 Qe4 52.Qe6  1-0

[Event "Toronto"]
[Site "Toronto"]
[Date "1989.??.??"]
[Round "11"]
[White "Dlugy, Maxim"]
[Black "Nickoloff, Bryon"]
[Result "1/2-1/2"]
[WhiteElo "2570"]
[BlackElo "2420"]

1.d4 Nf6 2.c4 g6 3.Nc3 d5 4.cxd5 Nxd5 5.e4 Nxc3 6.bxc3 Bg7 7.Bc4 c5 8.Ne2 O-O
9.O-O Nc6 10.Be3 Bg4 11.f3 Na5 12.Bxf7+ Rxf7 13.fxg4 Rxf1+ 14.Kxf1 cxd4 15.cxd4 Qd7
16.h3 Qe6 17.Qd3 Qc4 18.Qxc4+ Nxc4 19.Bg5 e5 20.d5 h6 21.Bc1 Nd6 22.Ng3 Rc8
23.Be3 Rc3 24.Ke2 Bf6 25.a4 Bg5 26.Bxg5 hxg5 27.Nf1 Nxe4 28.Nd2 Nxd2 29.Kxd2 Rc5
30.Ke3 Rxd5  1/2-1/2

[Event "FRG-chJ int"]
[Site "Trier"]
[Date "1989.??.??"]
[Round "1"]
[White "Fornal, Agnieszka"]
[Black "Wilkie, Blanche"]
[Result "1-0"]
[WhiteElo "2175"]
[BlackElo "2005"]

1.d4 Nf6 2.c4 g6 3.Nc3 d5 4.cxd5 Nxd5 5.e4 Nxc3 6.bxc3 Bg7 7.Bc4 c5 8.Ne2 Nc6
9.Be3 O-O 10.O-O Qc7 11.Rc1 Rd8 12.Qe1 Na5 13.Bd3 a6 14.f3 b5 15.Qf2 Bb7
16.f4 e6 17.f5 exf5 18.exf5 cxd4 19.Bxd4 Bxd4 20.cxd4 Qd7 21.Qg3 Rac8 22.fxg6 fxg6
23.Bf5 Qe7 24.Bxc8 Bxc8 25.Nf4 Qd6 26.Kh1 Nc4 27.Rce1 Bf5 28.Nh5 Qxg3 29.Nxg3 Bd3
30.Rf6 a5 31.Rf4 Rd5 32.Ne4 Kg7 33.Nc5 Rh5  1-0

[Event "FRG-chJ int"]
[Site "Trier"]
[Date "1989.??.??"]
[Round "8"]
[White "Tozer, Richard"]
[Black "Eriksson, Magnus"]
[Result "1-0"]
[WhiteElo "2305"]
[BlackElo "2225"]

1.d4 Nf6 2.c4 g6 3.Nc3 d5 4.cxd5 Nxd5 5.e4 Nxc3 6.bxc3 Bg7 7.Bc4 O-O 8.Ne2 Qd7
9.O-O b6 10.Be3 Bb7 11.Qc2 Nc6 12.Rad1 Na5 13.Bd3 Bc6 14.Rd2 Ba4 15.Qb1 c5
16.d5 e5 17.f3 Nb7 18.g4 Nd6 19.Ng3 Qe7 20.Rg2 Kh8 21.Qc1 Bd7 22.Kh1 Rg8
23.Rfg1 Bf6 24.g5 Bg7 25.h4 f5 26.exf5 gxf5 27.f4 Qf7 28.c4 e4 29.Bc2 Rgc8
30.Nh5 Be8 31.Nxg7 Kxg7 32.Bd2 b5 33.Bc3+ Kg8 34.h5 Qb7 35.g6 h6 36.Ba1 Rc7
37.Qb2 Rg7 38.cxb5  1-0

[Event "Uzes op"]
[Site "Uzes"]
[Date "1989.??.??"]
[Round "7"]
[White "Baldy, Philippe"]
[Black "Jaulin, Philippe"]
[Result "1/2-1/2"]
[WhiteElo "2275"]
[BlackElo "1970"]

1.d4 Nf6 2.c4 g6 3.Nc3 d5 4.cxd5 Nxd5 5.e4 Nxc3 6.bxc3 Bg7 7.Nf3 c5 8.Rb1 O-O
9.Be2 b6 10.O-O Bb7 11.Qd3 Ba6 12.Qe3 cxd4 13.cxd4 Qd7 14.Bxa6 Nxa6 15.Bb2  1/2-1/2

[Event "Val Maubuee op"]
[Site "Val Maubuee"]
[Date "1989.??.??"]
[Round "?"]
[White "Jardin, P."]
[Black "Gilardi, G."]
[Result "1-0"]
[WhiteElo "1620"]
[BlackElo "1750"]

1.d4 Nf6 2.c4 g6 3.Nc3 d5 4.cxd5 Nxd5 5.e4 Nxc3 6.bxc3 Bg7 7.Bc4 c5 8.Ne2 Nc6
9.Be3 Bg4 10.f3 Na5 11.fxg4 Nxc4 12.Qa4+ Qd7 13.Qxc4 Qxg4 14.Nf4 O-O 15.O-O Rac8
16.dxc5 Bh6 17.Rad1 e5 18.Nd5 Bg7 19.Ne7+ Kh8 20.Nxc8 Qxc8  1-0

[Event "Warsaw op"]
[Site "Warsaw"]
[Date "1989.??.??"]
[Round "?"]
[White "Pisulinski, Jan"]
[Black "Malisauskas, Vidmantas"]
[Result "0-1"]
[WhiteElo "2400"]
[BlackElo "2500"]

1.d4 Nf6 2.c4 g6 3.Nc3 d5 4.cxd5 Nxd5 5.e4 Nxc3 6.bxc3 Bg7 7.Qa4+ Nd7 8.Nf3 O-O
9.Be3 c5 10.Rc1 cxd4 11.cxd4 Nb6 12.Qa5 f5 13.e5 Be6 14.Be2 Qd5 15.Qb4 Qxa2
16.Qxe7 Rfc8 17.Ng5 Bd5 18.Rd1 h6 19.e6 Rf8 20.Nf7 Rae8 21.Qh4 Rxe6 22.Nxh6+ Bxh6
23.Qxh6 f4  0-1

[Event "Werfen op"]
[Site "Werfen"]
[Date "1989.??.??"]
[Round "6"]
[White "Shneider, Aleksandr"]
[Black "Gyorkos, Lajos"]
[Result "1-0"]
[WhiteElo "2465"]
[BlackElo "2370"]

1.d4 Nf6 2.c4 g6 3.Nc3 d5 4.cxd5 Nxd5 5.e4 Nxc3 6.bxc3 Bg7 7.Bc4 c5 8.Ne2 O-O
9.Be3 Nc6 10.Rc1 Bg4 11.f3 Bd7 12.O-O Rc8 13.Qd2 a6 14.d5 Ne5 15.Bb3 b5 16.c4 e6
17.d6 b4 18.h3 f6 19.Ng3 Nf7 20.Rfd1 a5 21.Qf2 a4 22.Bc2 Qa5 23.Bb1 Rc6 24.h4 Rfc8
25.h5 Qb6 26.hxg6 hxg6 27.f4 e5 28.Rd5 exf4 29.Bxf4 Ne5 30.Bxe5 fxe5 31.Rcd1 Qd8
32.Bc2 Qb6 33.Bxa4 Bg4 34.Bxc6 Bxd1 35.Qxc5 Qxc5+ 36.Rxc5 Rd8 37.Rd5 Bg4
38.Bb7 Be6 39.c5 Bh6 40.Nf1 Bf8 41.Rd2 Kf7 42.Bd5 Rc8  1-0

[Event "DDR-ch 38th"]
[Site "Zittau"]
[Date "1989.??.??"]
[Round "?"]
[White "Gruenberg, Hans Ulrich"]
[Black "Gauglitz, Gernot"]
[Result "1-0"]
[WhiteElo "2475"]
[BlackElo "2410"]

1.d4 Nf6 2.c4 g6 3.Nc3 d5 4.cxd5 Nxd5 5.e4 Nxc3 6.bxc3 Bg7 7.Bc4 c5 8.Ne2 Nc6
9.Be3 O-O 10.Rc1 cxd4 11.cxd4 Qa5+ 12.Kf1 Bd7 13.h4 Rac8 14.h5 e6 15.hxg6 hxg6
16.e5 Ne7 17.Qd3 Rfe8 18.Bd2 Qa4 19.Bb3 Rxc1+ 20.Bxc1 Qb4 21.Qh3 Kf8 22.Bh6 Ng8
23.Bxg7+ Kxg7 24.Qh8+ Kf8 25.Rh7 Ke7 26.Qg7 Kd8 27.Qxf7 Ne7 28.Nf4 Qxd4 29.Nxe6+ Bxe6
30.Qxe6 Qa1+ 31.Ke2 Qb2+ 32.Kf3 Rf8+ 33.Kg4 Qd4+ 34.Kh3 Qd7 35.Qxd7+ Kxd7
36.Rf7 Rc8 37.f4 b5 38.g4 Rc3+ 39.Kh4 a5 40.Rf6 a4 41.Be6+ Kc6 42.Rf7 Nd5
43.Bxd5+ Kxd5 44.Rd7+ Kc6 45.Rd2 b4 46.Kg5 b3 47.axb3 axb3 48.e6 Re3 49.Kf6  1-0

[Event "DDR-ch 38th"]
[Site "Zittau"]
[Date "1989.??.??"]
[Round "?"]
[White "Paehtz, Thomas Sr"]
[Black "Tischbierek, Raj"]
[Result "1/2-1/2"]
[WhiteElo "2450"]
[BlackElo "2475"]

1.d4 Nf6 2.c4 g6 3.Nc3 d5 4.cxd5 Nxd5 5.e4 Nxc3 6.bxc3 Bg7 7.Bc4 c5 8.Ne2 Nc6
9.Be3 O-O 10.O-O Bg4 11.f3 Na5 12.Bd3 cxd4 13.cxd4 Be6 14.Rc1 Bxa2  1/2-1/2